| 000 | 00574nam a22002177a 4500 | ||
|---|---|---|---|
| 005 | 20260515114923.0 | ||
| 008 | 220621b ||||| |||| 00| 0 eng d | ||
| 020 | _a9789391883317 | ||
| 040 |
_aIN-DiNC _cIN-DiNC |
||
| 041 | _dasm | ||
| 082 | _a337 | ||
| 100 |
_aAhmed Rofique _eauthor |
||
| 245 |
_aAntarjatik arthabigyan _cby Rofique Ahmed, others |
||
| 250 | _a1st ed. | ||
| 260 |
_aJorhat _bUnika Prakashan _c2022 |
||
| 300 | _a250p. | ||
| 650 | _aInternational Economics | ||
| 700 |
_aDebojit Saikia _eauthor |
||
| 700 |
_aAlena Begum _eauthor |
||
| 942 |
_2ddc _cBK |
||
| 999 |
_c11323 _d11323 |
||